Meray Ho Kay Raho (Urdu) (Record no. 311760)

000 -LEADER
fixed length control field 00293 a2200121 4500
001 - CONTROL NUMBER
control field 76687
082 ## - DEWEY DECIMAL CLASSIFICATION NUMBER
Classification number 891.4391 WAS
090 ## - LOCALLY ASSIGNED LC-TYPE CALL NUMBER (OCLC); LOCAL CALL NUMBER (RLIN)
-- 39205
-- 39205
100 ## - MAIN ENTRY--PERSONAL NAME
Personal name Wasi Shah
245 ## - TITLE STATEMENT
Title Meray Ho Kay Raho (Urdu)
Statement of responsibility, etc. Wasi Shah
Medium Urdu
260 ## - PUBLICATION, DISTRIBUTION, ETC.
Place of publication, distribution, etc. Lahore
Name of publisher, distributor, etc. Dua Publications
Date of publication, distribution, etc. 2008
300 ## - PHYSICAL DESCRIPTION
Extent 200 p
942 ## - ADDED ENTRY ELEMENTS (KOHA)
Institution code [OBSOLETE] caenust
Call number prefix 891.4391 WAS
Holdings
Withdrawn status Lost status Damaged status Not for loan Collection code Permanent Location Current Location Date acquired Total Checkouts Full call number Barcode Date last seen Price effective from Koha item type
          College of Aeronautical Engineering (CAE) College of Aeronautical Engineering (CAE) 04/03/2017   891.4391 WAS CAE82120 04/05/2017 04/05/2017 Book
© 2023 Central Library, National University of Sciences and Technology. All Rights Reserved.